000 00440nam a22001817a 4500
005 20251108172400.0
008 250721s1980 xx 000 0 eng d
082 1 4 _a428.24078/SHA
100 1 _aShaw, Peter
245 1 0 _aUsing blackboard drawing /
264 1 _aLondon :
_bGeorge Allan,
_c1980.
300 _a128p.
650 1 7 _aEnglish language
650 1 7 _aTeaching
650 1 7 _aBlackboard
942 _2ddc
_cBK
999 _c77807
_d77807